000 01269nam a22002537a 4500
999 _c168236
_d168236
005 20190928165652.0
010 _aB-244986
020 _c150.00
_a8188029130
035 _aB-2449586
037 _bजनचेतना प्रकाशन
082 _a649.1
_bगिजूभा
100 _aगिजुभाई
245 _aमुन्ने की परेशानी /
_cगिजुभाई ; संपादक चित्र वारेरकर
246 _aMunne ki preshani
_bby Gijubhai ; sampadak Chitra Vaarerkar
260 _aदिल्ली
_bजनचेतना प्रकाशन
_c2008
270 _a64-ए , फेस 3, पॉकेट D, एल.आई. जी. फ्लेट्स दीप एन्क्लेव अशोक विहार
_b दिल्ली
_e110052
300 _a144पृष्ठ. :
_c20सेमी(सजिल्द)
_bचित्र.
650 _aबालकों का दृष्टि कोण
650 _aबालकों की भलाई
650 _aChildren 's vision angle
650 _aChildren 's well-being
700 _aपारेरकर , चित्रा
_980260
942 _2ddc
_cHN
_h649.1
_mगिजुभा